000
00220nam a2200097Ia 4500
008
220216s9999 xx 000 0 und d
245
0
_a
30 varsham aadhayam
260
_b
Karshakasree
_c
2008
300
_a
18-19
942
_c
JS
999
_c
53242
_d
53242